Sir Muttu Coomaraswamy: (Record no. 548)

MARC details
000 -LEADER
fixed length control field 005520000a22001930004500
003 - CONTROL NUMBER IDENTIFIER
control field LK-CoMWRAF
005 - DATE AND TIME OF LATEST TRANSACTION
control field 20240624172528.0
008 - FIXED-LENGTH DATA ELEMENTS--GENERAL INFORMATION
fixed length control field 230817t1991 ||||| |||| 00| 0 eng d
040 ## - CATALOGING SOURCE
Original cataloging agency LK-CoMWRAF
Modifying agency LK-CoMWRAF
Description conventions LK-CoMWRAF
041 ## - LANGUAGE CODE
Language code of text/sound track or separate title English
082 ## - DEWEY DECIMAL CLASSIFICATION NUMBER
Classification number 923
Item number COO
942 ## - ADDED ENTRY ELEMENTS (KOHA)
Koha item type Books
100 ## - MAIN ENTRY--PERSONAL NAME
Personal name Coomaraswamy, Radhika
245 ## - TITLE STATEMENT
Title Sir Muttu Coomaraswamy:
Remainder of title British shadows and Sri Lankan dreams
260 ## - PUBLICATION, DISTRIBUTION, ETC. (IMPRINT)
Place of publication, distribution, etc. Colombo:
Name of publisher, distributor, etc. Law and Society Trust,
Date of publication, distribution, etc. 1991
300 ## - PHYSICAL DESCRIPTION
Extent 42 p.
490 ## - SERIES STATEMENT
Series statement Law and society trust lecture series
650 ## - SUBJECT ADDED ENTRY--TOPICAL TERM
Topical term or geographic name as entry element LAWYERS-Sri Lanka
Holdings
Withdrawn status Lost status Damaged status Not for loan Permanent Location Current Location Date acquired Full call number Barcode Koha item type
        Resource center, Muslim Women's Research And Action Forum Resource center, Muslim Women's Research And Action Forum 2023-08-17 923 COO RAF5130 Books

Copyright © 2023 Muslim Women's Research and Action Forum (MWRAF), No 27/3, Anderson Road, Kalubowila, Dehiwela. Funded by The Asia Fundation